tapping quality control at mady group company chamca kaosu chamca andong,kampong cham province ការត្រួតពិនិត្យបច្ចេកទេសគុណភាពចៀរជ័រនៅក្រុមហ៊ុន អាន ម៉ាឌី គ្រុប (ចម្ការកៅស៊ូចម្ការអណ្ដូង) ខេត្ដកំពង់ចាម (Record no. 18115)

000 -LEADER
fixed length control field 00772nam a22001337a 4500
040 ## - CATALOGING SOURCE
Transcribing agency RUA
082 ## - DEWEY DECIMAL CLASSIFICATION NUMBER
Classification number RUB PHO 2017 B643 Or.1
100 ## - MAIN ENTRY--AUTHOR NAME
Personal name PHORN SOPHEAP ផន​ សុភាព
245 ## - TITLE STATEMENT
Title tapping quality control at mady group company chamca kaosu chamca andong,kampong cham province ការត្រួតពិនិត្យបច្ចេកទេសគុណភាពចៀរជ័រនៅក្រុមហ៊ុន អាន ម៉ាឌី គ្រុប (ចម្ការកៅស៊ូចម្ការអណ្ដូង) ខេត្ដកំពង់ចាម
260 ## - PUBLICATION, DISTRIBUTION, ETC. (IMPRINT)
Place of publication phnom penh
Name of publisher rua
Year of publication 2017
300 ## - PHYSICAL DESCRIPTION
Number of Pages xii;47p;
Other physical details ill;
Dimensions 29cm;
856 ## - ELECTRONIC LOCATION AND ACCESS
Uniform Resource Identifier https://drive.google.com/file/d/1opAR8MMjNSThsI2OjTOMnE4wu-WldMYQ/view?usp=sharing
942 ## - ADDED ENTRY ELEMENTS (KOHA)
Koha item type RUB
952 ## - LOCATION AND ITEM INFORMATION (KOHA)
Withdrawn status [LOCAL, KOHA] 0
952 ## - LOCATION AND ITEM INFORMATION (KOHA)
Withdrawn status [LOCAL, KOHA] 0
952 ## - LOCATION AND ITEM INFORMATION (KOHA)
Withdrawn status [LOCAL, KOHA] 0
952 ## - LOCATION AND ITEM INFORMATION (KOHA)
Withdrawn status [LOCAL, KOHA] 0
952 ## - LOCATION AND ITEM INFORMATION (KOHA)
Withdrawn status [LOCAL, KOHA] 0
952 ## - LOCATION AND ITEM INFORMATION (KOHA)
Withdrawn status [LOCAL, KOHA] 0
Holdings
Permanent Location Date acquired Koha item type Lost status Shelving location Barcode Current Location Full call number
Library Block B2019-07-31RUB B643A39823Library Block BRUB PHO 2017 B643 Or.1
Library Block B2019-07-31RUB B643A39927Library Block BRUB PHO 2017 B643 Or.2
Library Block B2019-07-31RUB B643A40601Library Block BRUB PHO 2017 B643 Or.3
Library Block B2019-07-31RUB B643A40541Library Block BRUB PHO 2017 B643 Or.4
Library Block B2019-07-31RUB B643A40526Library Block BRUB PHO 2017 B643 Or.5
Library Block B2019-07-31RUB B643A40390Library Block BRUB PHO 2017 B643 Or.6
មជ្ឈមណ្ឌលឯការនៃសាកលវិទ្យាល័យភូមិន្ទកសិកម្មចំការដូង

Powered by Koha